| 000 | 00376nam a2200121 4500 | ||
|---|---|---|---|
| 020 | _a0195102274 | ||
| 050 |
_aRC 480.5 _b.G 85 |
||
| 245 |
_aA Guide to Treatments that work/ _cedided by Peter E. Nathan, Jack M. Gorman. |
||
| 260 |
_aOxford University Press : _bNew York, _c1998. |
||
| 300 | _axxx, 594 p. : | ||
| 650 |
_bMental illness _vTreatment _xEvaluation |
||
| 942 |
_2lcc _cGEN |
||
| 999 |
_c15186 _d15186 |
||